[Event "Canadian Open"]
[Site "Edmonton CAN"]
[Date "2005.07.11"]
[Round "3"]
[White "Thipsay,B"]
[Black "Nataf,IA"]
[Result "0-1"]
[WhiteElo "2229"]
[BlackElo "2583"]
[EventDate "2005.07.09"]

1. e4 c5 2. Nf3 a6 3. c4 d6 4. d4 Bg4 5. Be2 Nc6 6. d5 Bxf3 7. Bxf3 Ne5 8.
Be3 Nxf3+ 9. Qxf3 g6 10. Nc3 Bg7 11. Rc1 Nf6 12. O-O O-O 13. Qe2 Qd7 14. f3
b5 15. b3 bxc4 16. Qxc4 Rfb8 17. e5 Rb4 18. Qd3 Ne8 19. exd6 exd6 20. Ne4
Nf6 21. Nd2 Rh4 22. Nc4 Re8 23. Rfd1 Rh5 24. Qf1 Rxd5 25. Bf2 Rxd1 26. Rxd1
d5 27. Na5 Qc8 28. Rc1 Bf8 29. Qd3 d4 30. b4 Nd5 31. b5 Nf4 0-1

[Event "Canadian Open"]
[Site "Edmonton CAN"]
[Date "2005.07.13"]
[Round "5"]
[White "Moiseenko,A"]
[Black "Bluvshtein,M"]
[Result "1-0"]
[WhiteElo "2664"]
[BlackElo "2525"]
[EventDate "2005.07.09"]

1. d4 Nf6 2. c4 e6 3. Nf3 d5 4. Nc3 dxc4 5. e4 Bb4 6. Bg5 c5 7. e5 h6 8.
exf6 hxg5 9. fxg7 Rg8 10. Qc2 cxd4 11. Qh7 Ke7 12. Rd1 d3 13. Bxd3 Bxc3+
14. bxc3 cxd3 15. Rxd3 Qe8 16. Nxg5 f5 17. Qh4 Qg6 18. Ne4+ Kf7 19. Nd6+
Kxg7 20. Qe7+ 1-0

[Event "Canadian Open"]
[Site "Edmonton CAN"]
[Date "2005.07.14"]
[Round "6"]
[White "Sundararajan,K"]
[Black "Moiseenko,A"]
[Result "1/2-1/2"]
[WhiteElo "2484"]
[BlackElo "2664"]
[EventDate "2005.07.09"]

1. d4 Nf6 2. c4 e6 3. Nc3 Bb4 4. Qc2 O-O 5. a3 Bxc3+ 6. Qxc3 d6 7. f3 e5 8.
dxe5 dxe5 9. Qxe5 Nc6 10. Qc3 Nh5 11. g3 Re8 12. Bd2 b5 13. cxb5 Nd4 14. e4
a6 15. Be3 Nxb5 16. Bxb5 axb5 17. Ne2 f5 18. Rd1 Qe7 19. Bc5 Qg5 20. Be3
Qe7 21. Bc5 1/2-1/2

[Event "Canadian Open"]
[Site "Edmonton CAN"]
[Date "2005.07.17"]
[Round "9"]
[White "Shirov,A"]
[Black "Bluvshtein,M"]
[Result "0-1"]
[WhiteElo "2705"]
[BlackElo "2525"]
[EventDate "2005.07.09"]

1. e4 e5 2. Nf3 Nf6 3. Nxe5 d6 4. Nf3 Nxe4 5. d4 d5 6. Bd3 Bd6 7. O-O O-O
8. c4 c6 9. Qc2 Na6 10. a3 Bg4 11. Ne5 Bf5 12. b4 f6 13. Nf3 Qe8 14. b5 Qh5
15. bxa6 Bg4 16. Re1 Bxf3 17. gxf3 Qxh2+ 18. Kf1 f5 19. cxd5 cxd5 20. fxe4
fxe4 21. Bxe4 dxe4 22. Be3 Bg3 23. Ra2 Rf3 0-1